Statistiche per Città sopra o sotto il Tropico del Capricorno? - Quiz n°1

Clicka qui per fare il quiz!

Statistiche generali

  • Questo quiz è stato fatto 4 volte
  • Il punteggio medio è 7 su 10

Statistiche sulle risposte

HintRisposta% Corretto
LusakaNord del Tropico del Capricorno
100%
MbabaneSud del Tropico del Cancro
100%
CanberraSud del Tropico del Cancro
100%
KigaliNord del Tropico del Capricorno
75%
Port MoresbyNord del Tropico del Capricorno
75%
ManausNord del Tropico del Capricorno
50%
Belo HorizonteNord del Tropico del Capricorno
50%
BloemfonteinSud del Tropico del Cancro
50%
CordobaSud del Tropico del Cancro
50%
CuritibaSud del Tropico del Cancro
25%

Distribuzione punteggi

Percentile per numero di risposta

Percentuale di utenti per punteggio

I tuoi punteggi nel tempo

Non hai fatto questo quiz